| 000 -LEADER |
| fixed length control field |
01470pab a2200181 454500 |
| 008 - FIXED-LENGTH DATA ELEMENTS--GENERAL INFORMATION |
| fixed length control field |
180718b1999 xxu||||| |||| 00| 0 eng d |
| 100 ## - MAIN ENTRY--PERSONAL NAME |
| Personal name |
Herrmann, Denise K. von |
| 245 ## - TITLE STATEMENT |
| Title |
The decision to legalize gambling: a model of why states do what they do |
| 260 ## - PUBLICATION, DISTRIBUTION, ETC. |
| Date of publication, distribution, etc. |
1999 |
| 300 ## - PHYSICAL DESCRIPTION |
| Extent |
p.1659-680 |
| 362 ## - DATES OF PUBLICATION AND/OR SEQUENTIAL DESIGNATION |
| Dates of publication and/or sequential designation |
Nov-Dec |
| 520 ## - SUMMARY, ETC. |
| Summary, etc. |
This article compares the three major forms of legalized gambling currently being utilized by states as revenue measures. Unlike most of the previous gambling research, it focuses upon the choice of forms, rather than only the decision to adopt gambling measures. It compares forms of gambling using a variation on a previously published schema of evaluative criteria for revenue types and presents a series of models of why states choose to legalize certain types of gambling. The results suggest that lotteries and parimutuels are similar choices for revenue raising, since both are likely to be adopted in states which are liberal, which exhibit somewhat weak interest groups, and which have relatively low Protestant fundamentalist church membership. Casinos, however, appear to conform to a different decision model and are less likely to be operated in states with large numbers of older citizens and in states which do not already have other forms of gambling. - Reproduced |
| 650 ## - SUBJECT ADDED ENTRY--TOPICAL TERM |
| Topical term or geographic name entry element |
Revenue |
| 650 ## - SUBJECT ADDED ENTRY--TOPICAL TERM |
| Topical term or geographic name entry element |
Public finance |
| 650 ## - SUBJECT ADDED ENTRY--TOPICAL TERM |
| Topical term or geographic name entry element |
Gambling |
| 773 ## - HOST ITEM ENTRY |
| Main entry heading |
International Journal of Public Administration |
| 909 ## - |
| -- |
42703 |